000 01562cab a2200253 4500
001 ABS49312
008 090401t1993 xxu||||| |||| 00| 0 eng d
035 _a(Sirsi) u70866
041 _aeng
245 _aCo-operative Insurance Society Ltd v Hastings BC
260 _c1993
350 _a0
490 _aEstates Gazette
_v1993 37 EG 151-155(5)
520 _aChD 16 June 1993. Concerned whether a notice given by H to C pursuant to Compulsory Purchase (Vesting Declarations) Act 1981 s3 was the exercise of powers of compulsory purchase conferred on H by the Hastings Central Cricket and Recreation Ground Compulsory Purchase Order 1987 for the purposes of Compulsory Purchase Act 1965 s4. The cpo was confirmed 9 March 1987. As H had not exercised its powers under the order within the three year period which expired on 9 March 1990, C argued that the cpo no longer existed. H argued that its had complied with the 1965 Act. "Westminster CC v Quereshi" 1991 considered. Held, a notice issued under the 1981 Act s3 is not an excercise of power under 1965 Act s4. C`s claim that the cpo ceased to be exercisable after three years accepted.
650 _aCOMPULSORY PURCHASE (VESTING DECLARATIONS) ACT 1981
650 _aCOMPULSORY PURCHASE ACT 1965 S4
650 _aCompulsory purchase
_96228
650 _aHASTINGS CRICKET GROUND
650 _aTIME LIMITS
650 _aWESTMINSTER CC V QUERESHI
690 _aENVIRONMENTAL AND LAND CONSULTANCY-PLANNING AND DEVELOPMENT-COMPULSORY PURCHASE AND COMPENSATION
942 _n0
948 _c04/03/1997
999 _c44640
_d44640